000 00506nam a2200157Ia 4500
008 210719s2013 xx 000 0 und d
041 _aeng
082 _a370.11 ALLH
100 _aALL INDIA ASSOCIATION FOR CHRISTIAN HIGHER EDUCATION
245 _aHuman values development programme
260 _aNew Delhi
_bAll India Association For Christian Higher Education
_c2013
300 _aiv,104
_bPB
650 _aEducation
650 _aValue Education
906 _adevelopment ; Human ; programme ; values
999 _c215598
_d215598